Statistiken für DHB Pokal Sieger Männer

Klicken Sie hier um das Quiz zu spielen!

Allgemein

  • Dieses Quiz wurde 69 mal gespielt
    (37 seit der letzten Aktualisierung)
  • Das Durchschnittsergebnis liegt bei 35 aus 46

Antwortstatistiken

JahrVerein% Korrekt
1998THW Kiel
100%
2017THW Kiel
100%
2011THW Kiel
100%
2009THW Kiel
100%
2008THW Kiel
100%
2007THW Kiel
100%
2000THW Kiel
100%
1999THW Kiel
100%
2013THW Kiel
100%
2012THW Kiel
100%
2019THW Kiel
100%
1996SC Magdeburg
97%
2016SC Magdeburg
97%
2010HSV Hamburg
93%
2006HSV Hamburg
93%
2018Rhein-Neckar Löwen
93%
1985VfL Gummersbach
93%
1977VfL Gummersbach
93%
1978VfL Gummersbach
93%
1982VfL Gummersbach
93%
1983VfL Gummersbach
93%
2014Füchse Berlin
90%
1995TBV Lemgo
80%
2002TBV Lemgo
80%
1997TBV Lemgo
80%
2005SG Flensburg-Handewitt
70%
2003SG Flensburg-Handewitt
70%
2004SG Flensburg-Handewitt
70%
2015SG Flensburg-Handewitt
70%
1993SG Wallau/Massenheim
63%
1994SG Wallau/Massenheim
63%
1992TUSEM Essen
63%
1991TUSEM Essen
63%
1988TUSEM Essen
63%
1984TV Großwallstadt
60%
1980TV Großwallstadt
60%
1989TV Großwallstadt
60%
1987TV Großwallstadt
60%
1975TSV Grün-Weiß Dankersen
43%
1976TSV Grün-Weiß Dankersen
43%
1979TSV Grün-Weiß Dankersen
43%
1990TSV Milbertshofen
40%
1981TuS Nettelstedt
30%
2001VfL Bad Schwartau
30%
1986MTSV Schwabing
27%
2020TBV Lemgo
7%

Verteilung der Resultate

Perzentil nach korrekt beantworteten Fragen

Anzahl Personen mit jedem Resultat

Ihre Resultats-Entwicklung

Sie haben dieses Quiz seit der letzten Aktualisierung nicht gespielt